000 00436nam a22001577a 4500
003 OSt
005 20251031114923.0
008 251031b |||||||| |||| 00| 0 eng d
022 _a0040-5639
100 _aJonathan Cahill
245 _aMIGLIORE, DANIEL L.:
_bReading the Gospels with Karl Barth
260 _aUSA,
_bSages Publications;
_c2018
300 _ap.225-226
440 _aTheological Studies
_nNo.1
_vVol.79
942 _2lcc
_cART
999 _c205024
_d204984